Фразеологічні одиниці англійської мови з компонентами- назвами елементів одягу та взуття (Запис № 283996)

МАРК-запис
000 -LEADER
fixed length control field 01873nam a22001577a 4500
041 ## - LANGUAGE CODE
Language code of text/sound track or separate title ukr
080 ## - UNIVERSAL DECIMAL CLASSIFICATION NUMBER
Universal Decimal Classification number 09
090 ## - LOCALLY ASSIGNED LC-TYPE CALL NUMBER (OCLC); LOCAL CALL NUMBER (OCLC)
Local cutter number (OCLC) ; Book number/undivided call number, CALL (RLIN) ООМ
100 ## - MAIN ENTRY--PERSONAL NAME
Personal name Осипенко О.М.
245 ## - TITLE STATEMENT
Title Фразеологічні одиниці англійської мови з компонентами- назвами елементів одягу та взуття
260 ## - PUBLICATION, DISTRIBUTION, ETC. (IMPRINT)
Place of publication, distribution, etc Острог
Name of publisher, distributor, etc КАФ
Date of publication, distribution, etc 2007
300 ## - PHYSICAL DESCRIPTION
Extent 65
520 ## - SUMMARY, ETC.
Summary, etc ВСТУП.<br/>РОЗДІЛ 1. ЗАГАЛЬНІ ОСОБЛИВОСТІ ФРАЗЕОЛОГІЗМІВ.<br/>1.Еквівалентність фразеологізма слову.<br/>2. Загальні особливості фразеологізмів.<br/>3. Типи фразеологізмів з точки зору семантичної стійкості їх компонентів.<br/>3.1. Фразеологічні зрощення.<br/>3.2. Фразеологічні єдності.<br/>3.3. Фразеологічні комбінації та фразеологічні вислови.<br/>4. Переклад фразеологічних одиниць.<br/>РОЗДІЛ 2. АНАЛІЗ ФРАЗЕОЛОГІЗМІВ З КОМПОНЕНТАМИ- НАЗВАМИ ЕЛЕМЕНТІВ ОДЯГУ ТА ВЗУТТЯ.<br/>1. Фразеологічні одиниці з компонентом назвою boot/shoe.<br/>2.Фразеологічні одиниці з компонентом назвою pants.<br/>3.Фразеологічні одиниці з компонентом назвою hat/cap.<br/>4. Фразеологічні одиниці з компонентом назвою shirt/cuff/sleeve/collar/coat.<br/>5.Фразеологічні одиниці з компонентом назвою sock/glove/pocket/button.<br/>ВИСНОВКИ.
-- Фразеологічні одиниці, елементи одягу та взуття.
650 ## - SUBJECT ADDED ENTRY--TOPICAL TERM
Topical term or geographic name as entry element Research Papers
942 ## - ADDED ENTRY ELEMENTS (KOHA)
Koha item type Книги
Фонди
Withdrawn status Lost status Source of classification or shelving scheme Damaged status Not for loan Home library Current library Date acquired Source of acquisition Cost, normal purchase price Total Checkouts Full call number Barcode Date last seen Price effective from Koha item type
    Universal Decimal Classification     ВІЛ - Відділ іноземн. літератури НБ ВІЛ - Відділ іноземн. літератури НБ 16/04/2009 Акт №1 1.00   09 213549 15/12/2021 16/04/2009 Книги